MDQL
is popping MORE tags! Check the
thread
!
Quizzes
Events
Quiz Creation
Community
Videos
Private Events
Remove Ads
Sign In
Join for FREE
Feedback
Dark Mode
Quiz Categories
Sports
Geography
Music
Movies
Television
Just For Fun
Miscellaneous
History
Literature
Language
Science
Gaming
Entertainment
Religion
Holiday
For Kids
Quiz Lab
Recent
Popular Today
Quiz Kudos Today
Editor Picks
Curator Picks
Quizzes by...
Day
Popularity
Type
Ratings
Length
Year
Community
Subscriptions
Recent Discussions
Orange Saloon
Badges
Playlists
Quests
Create
Leaderboards
Showdown
Live 5
Trivia Bingo
Activity
Puzzle Library
Sporcle Events
Private Events
Virtual Trivia
Globe League
Become a Host
Pub Owners
SporcleCon
Opinionation
Our Games
Videos
Blog
Mobile Apps
Partnerships
Remove Ads and Go Orange
Feedback
Miscellaneous
Crossword
General Knowledge
Baby Names
Logo
Food
Cars
Numbers
Grab Bag
University
College
Popular
Company
Slogans
Restaurants
Justice
Letter
Miscellaneous
Crossword
General Knowledge
Baby Names
Logo
Food
Cars
Numbers
Grab Bag
University
College
Popular
Company
Slogans
Restaurants
Justice
Letter
Random Quiz
Search Sporcle
×
Quiz Lab
Quiz Lab
Miscellaneous
Continent
Type in answers that appear in a list
Type in answers that appear in a list
Classic
Best Score? Go Orange.
Seven Sevens Stats
Can you name the seven answers in each of the seven categories?
By
JaguarPaw
7m
49 Questions
590 Plays
590 Plays
590 Plays
Comments
Comments
Give Quiz Kudos
Give Quiz Kudos
-
- Ratings
hide this ad
Replay
Link that replays current quiz
Next Quiz
Link to next quiz in quiz playlist
You Got
0%
They Got
Avg Score
58%
Avg Friend Score
Upgrade to see
Score Distribution
Jump to the score distribution portion of the page
Score
0/49
Timer
07:00
0
Plays Today
% Correct
Asia
97.5%
Europe
97.1%
North America
96.6%
South America
96.6%
Africa
96.4%
Australia
95.4%
Antarctica
91.2%
Greed
82.7%
Australia
82.7%
Lust
82.4%
Envy
81.7%
Sloth
79.8%
Gluttony
77.1%
Everest
76.8%
Serbia
73.6%
Croatia
71.7%
Bosnia and Herzegovina
68.1%
United Kingdom
68%
Slovenia
67.3%
Pride
67.1%
Montenegro
66.8%
Macedonia
66.4%
Wrath
65.9%
Kosovo
63.6%
Argentina
59.7%
% Correct
France
58.5%
Breakfast
58.1%
Luncheon
57.3%
Dinner
55.6%
Chile
55.3%
Kilimanjaro
55.1%
New Zealand
54.9%
Second Breakfast
50.3%
Supper
49%
Norway
47.1%
The Great Wall of China
45.4%
Mount McKinley
43.6%
Elevenses
34.7%
Taj Mahal
32.4%
Afternoon Tea
32%
Elbrus
27.6%
Christ the Redeemer
25.3%
Colosseum
24.9%
Aconcagua
24.7%
Machu Picchu
22%
Chichen Itza
20.5%
Petra
20.5%
Vinson Massif
12.2%
Kosciuszko
9.5%
Quiz Playlist
Details
Report
Send in Message
Add To Playlist
Classic:
Type in answers that appear in a list
Last Updated: Feb 16, 2017
Quiz Scoreboard
CHALLENGE
Sign Up to Join the Scoreboard
Show All
Scores
Hide
Comments
May contain spoilers
Recently Published
Holiday 10x10 Sorting Gallery
by lukepisani3
Holiday
15m
Two Season TV Shows II
by 123Four
Television
10m
Image Sorting: Flags VI
by Barbecue
Geography
2m
More to Explore
Quiz From the Vault
Featured Blog Post
14 Easter Pick-up Lines to Find Eggs With
hide this ad
You Might Also Like...
Tags
Continent Quiz
General Knowledge Quiz
Lord of the Rings Quiz
Antarctica
Seven
Seven-game
Seven Deadly
Seven Summits
Wonders of the World
Yugoslavia
Today's Top Quizzes in Miscellaneous
Browse Miscellaneous
hide this ad
Today's Top Quizzes in Continent
Browse Continent
Top Contributed Quizzes in Miscellaneous
1
The JOE quick-fire general knowledge quiz: Day 174
2
9x9 Crossword: Disney Movie Titles
3
The JOE quick-fire general knowledge quiz: Day 173
4
5-to-1: Fast Food
5
9x9 Crossword: Charlie and the Chocolate Factory
6
9x9 Crossword: The Simpsons
7
9x9 Crossword: Flags
8
9x9 Crossword: Actors
9
9x9 Crossword: 2022 Movies
10
9x9 Crossword: Pixar Movie Titles
Explore More
Trending Topics
Disney
Harry Potter
Anime
Crossword
NBA
Marvel
Kpop
Pokémon
The Office
WWE
Song
Puzzle
NFL
Country
Soccer
hide this ad
More By:
JaguarPaw
Quiz
Plays
Rating
Category
Featured
Created
Celtic FC Scottish Cup Winners
2,041
4.50
Sports
Jun 21, 2011
Seven Sevens
590
3.61
Miscellaneous
Oct 11, 2011
Six Sixes
82
3.50
Miscellaneous
Oct 11, 2011
Go to Creator's Profile
Score Distribution
Quiz Creator Spotlight
JaguarPaw
Follow
Send a Message
Quizzes Created
-
Created Quiz Play Count
-
More By This Creator
Popular Quizzes Today
1
Find the US States - No Outlines Minefield
2
Colored Red Africa Blitz
3
Find the 'City' Movie
4
The Countries of the World
5
Find the US States
6
5x2 Blitz: Bands
7
Find the Countries of Europe - No Outlines Minefield
8
US States
More Miscellaneous Quizzes
Top 274 P Names, 1978
Quiz Lab
Trending Quizzes
Colored Red Europe Blitz I
Colored Red Europe Blitz II
Colored Red Africa Blitz II
Colored Red Europe Blitz III
Colored Red Africa Blitz III
Recently Updated
Odd Team Out - Big 4 Players
pecheneg
Quick Pick: 20 Twenties
pecheneg
March Madness Men's Triple Doubles
pecheneg
How Do You Spell That?
pecheneg
Godzilla Movies
pecheneg
Grab Bag: 4-10 Letters
pecheneg
2024 March Madness Bracket
pecheneg
Famous TV Couples
Peacemaker
Champions League XIs: Real Madrid
pecheneg
Largest US Cities 1790-2010
pecheneg
Trending Topics
Disney
Marvel
Anime
Harry Potter
Kpop
Crossword
NBA
Song
WWE
Soccer
Country
The Office
Pokémon
NFL
Puzzle
Your Account Isn't Verified!
In order to create a playlist on Sporcle, you need to verify the email address you used during registration. Go to your
Sporcle Settings
to finish the process.
Report this User
Report this user for behavior that violates our
Community Guidelines
.
Details:
Send Report
Go to the Sporcle.com Mobile Site →
Comments